Occupational emergency medicine / (رقم التسجيلة. 22087)

تفاصيل مارك
000 -الفاتح
حقل البيانات ثابتة الطول 03111cam a22004694a 4500
001 - رقم الضبط
رقم الضبط 16311543
003 - محدد رقم الضبط
رقم الضبط OSt
005 - وقت وتاريخ اخر تعامل مع التسجيلة
رقم الضبط 20150408114021.0
008 - عناصر البيانات ثابتة الطول - معلومات عامة
حقل البيانات ثابتة الطول 100629s2011 enka b 001 0 eng
010 ## - رقم ضبط مكتبة الكونجرس
رقم ضبط مكتبة الكونجرس 2010027212
016 7# - رقم ضبط الوكاله الوطنية للضبط الببليوجرافي
رقم ضبط التسجيلة 101534492
المصدر DNLM
020 ## - الرقم الدولى المعيارى للكتب
الرقم الدولى المعيارى للكتاب 9781405180719
020 ## - الرقم الدولى المعيارى للكتب
الرقم الدولى المعيارى للكتاب 1405180714
035 ## - رقم ضبط النظام
رقم ضبط النظام (OCoLC)ocn645598363
040 ## - مصدر الفهرسة
وكالة الفهرسة الأصلية DNLM/DLC
وكالة النسخ DLC
وكالة التعديل YDX
-- NLM
-- YDXCP
-- CDX
-- DLC
042 ## - رمز التحقق
رمز التحقق pcc
050 00 - رقم طلب مكتبة الكونجرس
رقم التصنيف RC964
رقم المادة .O253 2011
060 00 - رقم الطلب بالمكتبة الطبية الوطنية
رقم التصنيف 2011 C-616
060 10 - رقم الطلب بالمكتبة الطبية الوطنية
رقم التصنيف WA 400
082 00 - رقم تصنيف ديوى العشرى
رقم التصنيف 616.9803
رقم الطبعة 22
245 00 - بيان العنوان
العنوان Occupational emergency medicine /
بيان المسئوليه,etc edited by Michael I. Greenberg ; associate editor, James M. Madsen.
260 ## - PUBLICATION, DISTRIBUTION, ETC. (IMPRINT)
مكان الناشر او الموزع Oxford ;
-- Hoboken, NJ :
اسم الناشر او الموزع Wiley-Blackwell,
تاريخ النشر أو التوزيع 2011.
300 ## - الوصف المادى
التعداد vii, 280 p. :
تفاصيل ماديه اخرى للوعاء ill. (some col.) ;
أبعاد الوعاء 25 cm.
504 ## - تبصرة ببليوجرافية
تبصرة ببليوجرافية,الخ Includes bibliographical references and index.
505 0# - تبصرة محتويات-الفهرس
تبصرة المحتويات المصاغة Potentially lethal occupational exposures / Christina Price and Dennis P. Price -- Occupational dermatology : issues for the emergency department / David Vearrier -- Occupational infections / Amy J. Behrman -- Occupational toxicology / John Curtis and David A. Haggerty -- Work-related trauma and injury / Mark Saks and Brad Rahaman -- Occupationally based disaster medicine / James M. Madsen -- Work-related ocular injuries / Joseph L. D'Orazio -- Occupational illness and injury in law enforcement personnel / Richard Tovar -- Occupational illness and injury in firefighters / Richard Tovar -- Occupational illness and injury in prehospital care personnel / Derek Isenberg and Carin Van Gelder -- Occupational pulmonary disease / Michael G. Holland -- Health hazards and emergency care for health care workers / Amy J. Behrman -- Occupational concerns for truckers and drivers / Natalie P. Hartenbaum -- Arts medicine : an overview for emergency physicians / Robert T. Sataloff and Mary J. Hawkshaw -- Occupational hearing loss : an overview for emergency physicians / Robert T. Sataloff, Mary J. Hawkshaw, and Joseph Sataloff -- Voice disorders : an overview for emergency physicians / Robert T. Sataloff and Mary J. Hawkshaw -- Unusual problems in occupational emergency medicine / Edward A. Ramoska and Guneesh Saluja.
650 #0 - المدخل الاضافى بالموضوع-مصطلح موضوعى
مصطلح موضوعي أو اسم جغرافي كعنصر مدخل Occupational diseases.
9 (RLIN) 14087
650 #0 - المدخل الاضافى بالموضوع-مصطلح موضوعى
مصطلح موضوعي أو اسم جغرافي كعنصر مدخل Medical emergencies.
650 #0 - المدخل الاضافى بالموضوع-مصطلح موضوعى
مصطلح موضوعي أو اسم جغرافي كعنصر مدخل Industrial toxicology.
9 (RLIN) 14088
650 #0 - المدخل الاضافى بالموضوع-مصطلح موضوعى
مصطلح موضوعي أو اسم جغرافي كعنصر مدخل Toxicological emergencies.
9 (RLIN) 14089
650 12 - المدخل الاضافى بالموضوع-مصطلح موضوعى
مصطلح موضوعي أو اسم جغرافي كعنصر مدخل Emergencies.
650 12 - المدخل الاضافى بالموضوع-مصطلح موضوعى
مصطلح موضوعي أو اسم جغرافي كعنصر مدخل Occupational Diseases
التقسيم الفرعي العام therapy.
9 (RLIN) 14090
650 22 - المدخل الاضافى بالموضوع-مصطلح موضوعى
مصطلح موضوعي أو اسم جغرافي كعنصر مدخل Accidents, Occupational.
9 (RLIN) 13849
650 22 - المدخل الاضافى بالموضوع-مصطلح موضوعى
مصطلح موضوعي أو اسم جغرافي كعنصر مدخل Emergency Service, Hospital.
9 (RLIN) 14091
650 22 - المدخل الاضافى بالموضوع-مصطلح موضوعى
مصطلح موضوعي أو اسم جغرافي كعنصر مدخل Occupational Exposure
التقسيم الفرعي العام adverse effects.
9 (RLIN) 14092
700 1# - المدخل الاضافى - اسم شخصى
الإسم الشخصى Greenberg, Michael I.
9 (RLIN) 14093
700 1# - المدخل الاضافى - اسم شخصى
الإسم الشخصى Madsen, James M.
9 (RLIN) 14094
856 42 - الوصول و الموقع الالكترونى
مواد محددة Contributor biographical information
معرف المصدر الموحد <a href="http://catdir.loc.gov/catdir/enhancements/fy1013/2010027212-b.html">http://catdir.loc.gov/catdir/enhancements/fy1013/2010027212-b.html</a>
856 42 - الوصول و الموقع الالكترونى
مواد محددة Publisher description
معرف المصدر الموحد <a href="http://catdir.loc.gov/catdir/enhancements/fy1013/2010027212-d.html">http://catdir.loc.gov/catdir/enhancements/fy1013/2010027212-d.html</a>
856 41 - الوصول و الموقع الالكترونى
مواد محددة Table of contents only
معرف المصدر الموحد <a href="http://catdir.loc.gov/catdir/enhancements/fy1013/2010027212-t.html">http://catdir.loc.gov/catdir/enhancements/fy1013/2010027212-t.html</a>
942 ## - عناصر المدخل الإضافي( كوها)
مصدر التصنيف او مخطط الترفيف Dewey Decimal Classification
Koha [default] item type كتاب
المقتنيات
حالة الفقد نموذج السعر الفعال حالة تلف ليس للاعارة رقم الطلب تاريخ الاكتساب الموقع الحالي الباركود الفرع الرئيسي Date last seen نوع المادة فى نظام كوها مصدر التصنيف او خطة الترفيف Total Checkouts
  2013-03-10     616.9803 O C E 2012-05-17 مكتبة كلية العلوم الطبية التطبيقية بالمجمعة - طالبات (AMF) 00086817 مكتبة كلية العلوم الطبية التطبيقية بالمجمعة - طالبات (AMF) 2013-03-10 كتاب Dewey Decimal Classification  
  2013-03-10     616.9803 O C E 2012-05-17 مكتبة كلية العلوم الطبية التطبيقية بالمجمعة - طالبات (AMF) 00086818 مكتبة كلية العلوم الطبية التطبيقية بالمجمعة - طالبات (AMF) 2013-03-10 كتاب Dewey Decimal Classification  
  2013-03-10     616.9803 O C E 2012-05-17 مكتبة كلية العلوم الطبية التطبيقية بالمجمعة - طالبات (AMF) 00086819 مكتبة كلية العلوم الطبية التطبيقية بالمجمعة - طالبات (AMF) 2013-03-10 كتاب Dewey Decimal Classification  
  2013-03-10     616.9803 O C E 2012-05-17 مكتبة كلية العلوم الطبية التطبيقية بالمجمعة - طالبات (AMF) 00086820 مكتبة كلية العلوم الطبية التطبيقية بالمجمعة - طالبات (AMF) 2013-03-10 كتاب Dewey Decimal Classification  
  2013-03-10     616.9803 O C E 2012-05-17 مكتبة كلية العلوم الطبية التطبيقية بالمجمعة - طالبات (AMF) 00086821 مكتبة كلية العلوم الطبية التطبيقية بالمجمعة - طالبات (AMF) 2013-03-10 كتاب Dewey Decimal Classification  
  2013-03-10     616.9803 O C E 2012-05-17 مكتبة كلية العلوم الطبية التطبيقية بالمجمعة - طالبات (AMF) 00086822 مكتبة كلية العلوم الطبية التطبيقية بالمجمعة - طالبات (AMF) 2013-03-10 كتاب Dewey Decimal Classification